000 00291nam a22001337a 4500
008 190129b xxu||||| |||| 00| 0 eng d
020 _a9780877017844
041 _aeng
080 _a710
100 _a45
101 _aART
245 _aThe Art of Butterfly
_cMarquand, E
942 _2udc
_cBK
999 _c53875
_d53875